Vénasszonyok nyara. [Vers]
Elmentve itt :
| Szerző: | |
|---|---|
| Dokumentumtípus: | Cikk |
| Megjelent: |
1976-09-12
|
| Sorozat: | Délmagyarország
66 No. 216 |
| Online Access: | http://dmarchiv.bibl.u-szeged.hu/95538 |
| LEADER | 00412nab a2200145 i 4500 | ||
|---|---|---|---|
| 001 | delm95538 | ||
| 005 | 20190503094438.0 | ||
| 008 | 190503s1976 hu o 0|| hun d | ||
| 040 | |a SZTE Délmagyarország Archívum |b hun | ||
| 041 | |a hun | ||
| 100 | 1 | |a Katona Judit | |
| 245 | 1 | 0 | |a Vénasszonyok nyara. [Vers] |h [elektronikus dokumentum] / |c Katona Judit |
| 260 | |c 1976-09-12 | ||
| 300 | |a 5 | ||
| 490 | 0 | |a Délmagyarország |v 66 No. 216 | |